Estadísticas para Gentilicios de España

Haz click aquí para intentar la prueba.

Estadísticas generales

  • Esta prueba ha sido intentada 237 veces
  • La puntuación promedio es 34 de 50

Estadísticas de respuestas

ProvinciaGentilicio% Correcto
Asturiasasturiano / astur
96%
Barcelonabarcelonés / barcinonense
94%
Alicantealicantino
93%
Córdobacordobés
93%
Granadagranadino / granadí
93%
Madridmadrileño / matritense
92%
Álavaalavés / alavense / babazorro
91%
Murciamurciano
90%
Sevillasevillano / hispalense
90%
Ávilaabulense / avilés
89%
Cantabriacántabro / montañés
88%
Cádizgaditano
87%
Leónleonés / legionense
87%
La Riojariojano
87%
Valenciavalenciano
87%
Almeríaalmeriense / urcitano
86%
Málagamalagueño / malagués / malacitano
85%
Segoviasegoviano
82%
Soriasoriano
82%
Zamorazamorano
82%
Albacetealbaceteño / albacetense
78%
Cácerescacereño
78%
Navarranavarro
78%
Islas Balearesbalear / baleárico
77%
Salamancasalamanquino / salmantino / salamanqués / charro / salmanticense
77%
Toledotoledano
76%
Zaragozazaragozano / cesaraugustano / zaragocí / saracustí
71%
La Coruñacoruñés / brigantino
70%
Vizcayavizcaíno
67%
Valladolidvallisoletano / pucelano / pinciano
62%
Guipúzcoaguipuzcoano
61%
Huelvaonubense / huelveño
61%
Castellóncastellonense
59%
Cuencaconquense
59%
Burgosburgalés
58%
Huescaoscense
55%
Léridaleridano / ilerdense
52%
Jaénaurgitano / jaenés / jaenero / jienense / jiennense / giennense
51%
Badajozpacense / badajocense / badajoceño
51%
Pontevedrapontevedrés / lerense
51%
Lugolucense / lugués
49%
Guadalajaraguadalajareño / caracense / arriacense
47%
Palenciapalentino
46%
Geronagerundense / gironés
41%
Orenseorensano / auriense
39%
Tarragonatarraconense
38%
Teruelturolense
37%
Ciudad Realciudadrealeño
34%
Las Palmaspalmense
29%
Santa Cruz de Tenerifesantacrucero
10%

Distribución de puntuación

Porcentaje por número respondido

Porcentaje de gente con cada puntuación

Historial de tus puntuaciones

No has intentado esta prueba.